Soul search : (Record no. 7168)

MARC details
000 -LEADER
fixed length control field 00713pam a2200229 a 4500
001 - CONTROL NUMBER
control field 1443110
003 - CONTROL NUMBER IDENTIFIER
control field GBCCL
005 - DATE AND TIME OF LATEST TRANSACTION
control field 20241126110621.0
008 - FIXED-LENGTH DATA ELEMENTS--GENERAL INFORMATION
fixed length control field 850904s1985 cau 000 0 eng
020 ## - INTERNATIONAL STANDARD BOOK NUMBER
International Standard Book Number 0830715576
040 ## - CATALOGING SOURCE
Original cataloging agency DLC
Transcribing agency DLC
Modifying agency DLC
050 00 -
-- BS1475.3
-- .R5 1985
082 00 - DEWEY DECIMAL CLASSIFICATION NUMBER
Classification number 223.807
Edition information 19
Item number SOU
245 10 - TITLE STATEMENT
Title Soul search :
Remainder of title hope for 21st century living from Ecclesiastes /
260 ## - PUBLICATION, DISTRIBUTION, ETC.
Place of publication, distribution, etc. Ventura, Calif., U.S.A. :
Name of publisher, distributor, etc. Regal Books,
Date of publication, distribution, etc. c1985.
300 ## - PHYSICAL DESCRIPTION
Extent 74 p. ;
Dimensions 28 cm.
440 #2 - SERIES STATEMENT/ADDED ENTRY--TITLE
Title A Bible commentary for laymen
9 (RLIN) 7327
630 00 - SUBJECT ADDED ENTRY--UNIFORM TITLE
Uniform title Bible.
Name of part/section of a work Ecclesiastes
General subdivision Commentaries.
9 (RLIN) 778
700 1# - ADDED ENTRY--PERSONAL NAME
Personal name Pitkin, Ronald E.,
Dates associated with a name 1942-
9 (RLIN) 12675
906 ## - LOCAL DATA ELEMENT F, LDF (RLIN)
a 7
b cbc
c orignew
d 1
e ocip
f 19
g y-gencatlg
942 ## - ADDED ENTRY ELEMENTS (KOHA)
Source of classification or shelving scheme Dewey Decimal Classification
Koha item type Books
Holdings
Withdrawn status Lost status Source of classification or shelving scheme Damaged status Not for loan Home library Current Library Shelving location Date acquired Total checkouts Full call number Barcode Date last seen Copy number Price effective from Koha item type
    Dewey Decimal Classification     GRACE BIBLE COLLEGE GRACE BIBLE COLLEGE Biblical Studies 2018-07-16   223.807 SOU 013361 2025-05-01 c.1 2018-07-16 Books
© Grace Bible College Library 2025